00525nam a22001937a 450000500170000001000150001702000260003203500140005803700090007208200110008110000260009224500480011825000060016626000310017227000570020330000270026094200250028799900190031220260519110029.0 aENG-148526 a9789364445849c775.00 aEN-132058 bDBAD 21a954 aSangwan, Nitin975344 aCourseware on Modern India/cSangwan, Nitin a1 aChennaibMcGraw Hillc2026 a5/90 A, Butt Road, St. Thomas MountbChennaie600016 a620p.c24cm(pb)bIndex 2ddccENh954mSANe1 c216258d216258